państwa które graniczą z... #5 - Statystyki

Ogólne statystyki
  • Ten quiz został rozwiązany 32 razy
  • Średni wynik to 5 z 6
Statystyki odpowiedzi
Państwa Graniczące odpowiedź % Poprawnych
Łotwa,Rosja Estonia
97%
Argentyna,Boliwia,Peru Chile
91%
Tajlandia,Laos,Wietnam Kambodża
91%
Meksyk,Belize,Salwador,Honduras Gwatemala
81%
Indonezja Papua-Nowa Gwinea
75%
Gwinea,Senegal Gwinea-Bisssau
63%
Nie znaleziono quizów pasujących do podanych kryteriów
Rozkład punktacji
Procent ludzi z każdym wynikiem
Percentyl według liczby udzielonych odpowiedzi
Twoja historia wyników
Nie rozwiązałeś tego quizu